Toby Kebbell Filmography - Statistics

General Stats
  • This quiz has been taken 9 times
    5 since last reset
  • The average score is 8 of 56
Answer Stats
Type Year Name % Correct
Film 2020 Bloodshot
100%
Film 2015 Fantastic Four
100%
Film 2017 Kong: Skull Island
100%
Film 2016 Ben-Hur
50%
Film 2014 Dawn of the Planet of the Apes
50%
Film 2005 Match Point
50%
Film 2018 The Hurricane Heist
50%
Film 2010 The Sorcerer's Apprentice
50%
Film 2016 Warcraft
50%
Film 2017 War for the Planet of the Apes
50%
Film 2011 War Horse
50%
Film 2012 Wrath of the Titans
50%
Film 2004 Alexander
0%
Film 2016 A Monster Calls
0%
Film 2018 A Wizard's Tale
0%
Film 2020 Becoming
0%
TV Show 2011 Black Mirror
0%
Film 2019 Blood Myth
0%
TV Film 2006 Born Equal
0%
Film 2015 Buddha's Little Finger
0%
Film 2009 Chéri
0%
Film 2007 Control
0%
Film 2004 Dead Man's Shoes
0%
Film 2018 Destroyer
0%
TV Show 2018 Dream Corp LLC
0%
Theater 2006 Enemies
0%
Web Series 2023-Present For All Mankind
0%
Film 2016 Gold
0%
Short Film 2011 Handcuffed
0%
Film 2019 Held for Ransom
0%
Short Film 2011 Jess//Jim
0%
Theater 2004 Journey's End
0%
Short Film 2004 Northern Soul
0%
TV Show 2000 Peak Practice
0%
Film 2010 Prince of Persia: The Sands of Time
0%
Film TBA Quicksand
0%
Film 2008 RocknRolla
0%
Film 2025 Salvable
0%
TV Pilot 2018 Salvage
0%
Web Series 2019-2023 Servant
0%
TV Mini-Series 2005 ShakespeaRe-Told
0%
Video Game 2011 Star Wars: The Old Republic
0%
Short Film 2009 Tea and Biscuits
0%
Film 2018 The Angel
0%
TV Film 2007 The Commander: Windows of the Soul
0%
Film 2010 The Conspirator
0%
Film 2013 The Counselor
0%
Film 2013 The East
0%
TV Mini-Series 2013 The Escape Artist
0%
Film 2017 The Female Brain
0%
Short Film 2008 The German
0%
TV Show 2007 The Street
0%
Film TBA The Sword of Thyrus
0%
Film 2011 The Veteran
0%
Short Film 2012 Turn Your Bloody Phone Off
0%
Film 2006 Wilderness
0%
No matching quizzes found
Score Distribution
Percent of People with Each Score
Percentile by Number Answered
Your Score History
You have not taken this quiz since the last reset